• 首页
  • 本馆介绍
  • 公告通知
  • 最新文献
  • 馆藏检索
  • 电子资源
  • 读者导购
  • 参考咨询
  • 我的图书馆
  • 登录
  • 详细信息显示
  • 放入我的书架
  • 预约/预借图书
  • 作者相关作品
  • 分类相关作品
  • 丛书相关作品
  • 出版社相关作品

书目信息

  • 表格格式
  • 工作单格式
  • 卡片格式
题名:
波斯帝国
    
 
作者: 卢苇 著
分册:  
出版信息: 北京   商务印书馆  1985
页数: 54页
开本: 19cm
丛书名: 外国历史小丛书
单 册:
中图分类: K373.2
科图分类:
主题词: 伊朗--古代史
电子资源:
ISBN:
000 00644nam2 2200253 45
001 0185009119
005 20050704154510.2
010    @dCNY0.24
091    @a11017.688
100    @a19901008d1985 em y0chiy0121 ea
101 0  @achi
102    @aCN@b110000
105    @ay z 000yy
200 10 @a波斯帝国@Abo si di guo@f卢苇著@FLu Wei Zhu
210    @a北京@c商务印书馆@d1985
215    @a54页@d19cm
225 2  @a外国历史小丛书
410  0 @120010@a外国历史小丛书
606 0  @a伊朗@x古代史
690    @aK373.2@v3
701  0 @a卢苇@4著
801  0 @aCN@b深圳图书馆@c20050704
801  2 @aCN@bNLC@c20050704
905    @f1@b169758@dK373.2@e1
    
    波斯帝国/卢苇著.-北京:商务印书馆,1985
    54页;19cm.-(外国历史小丛书)
    
    
    ISBN :CNY0.24
    
●
相关链接 在E读中查询图书 在五车中查询图书 在当当中查询图书 在豆瓣中查询图书


正题名:波斯帝国     索取号:K373.2/1         预约/预借

序号 登录号 条形码 馆藏地/架位号 状态 备注
1 0169758   001396616   第二借阅区/ [索取号:K373.2/1] 在馆    
2 0169760   001396652   第二样本阅览室/ [索取号:K373.2/1] 在馆    
唐山师范学院图书馆 欢迎您!
大连网信软件有限公司© 版权所有